000
00271nam a2200109 4500
008
160629b xxu||||| |||| 00| 0 eng d
100
_9
1358
_a
Pandey, S.N., et al
245
_a
Plant Physiology
260
_a
D
_b
Vikas
_c
2004
300
_a
Plant Physiology
942
_2
ddc
_c
BK
999
_c
1118
_d
1118